|
|
|
|
| LEADER |
00000nab a2200000 a 4500 |
| 001 |
vtls001005372 |
| 003 |
SK-MaSNL |
| 005 |
20260303041634.0 |
| 008 |
040720e19980000xo 0 slo |
| 020 |
|
|
|a 8096810375
|
| 035 |
|
|
|a RV5972
|
| 040 |
|
|
|a RVGKPD
|b slo
|c RVGKPD
|e AACR2
|
| 041 |
0 |
|
|a slo
|
| 044 |
|
|
|a xo
|c SK
|
| 080 |
|
|
|a 352
|2 1981
|
| 080 |
|
|
|a 929.6
|2 1981
|
| 080 |
|
|
|a 943.76
|2 1981
|
| 100 |
1 |
|
|a Grieger, Viliam
|4 aut
|9 292330
|
| 245 |
1 |
0 |
|a Obec Betliar v rokoch 1990-1998
|
| 260 |
|
|
|a Betliar
|b Obecný úrad
|c 1998
|
| 300 |
|
|
|a 24 s.
|
| 500 |
|
|
|a informácie
|
| 518 |
|
|
|a 1990-1998
|
| 650 |
0 |
7 |
|a samospráva obecná
|2 RVGKPD
|9 965143
|
| 650 |
0 |
7 |
|a obecné erby
|2 RVGKPD
|9 72784
|
| 650 |
0 |
7 |
|a dejiny
|2 RVGKPD
|9 3825
|
| 651 |
|
7 |
|a Betliar (Slovensko)
|2 RVGKPD
|9 20285
|
| 655 |
|
7 |
|a špeciálna tlač
|2 snkbucl
|9 1024720
|
| 700 |
1 |
0 |
|a Šlosár, Ján,
|d 1927-2004
|4 aut
|9 109248
|
| 700 |
1 |
0 |
|a Maduda, Alexander
|4 aut
|9 292332
|
| 852 |
|
|
|a ZVYKNI
|b KIS3GCP
|
| 999 |
|
|
|c 1688021
|d 1689951
|